El animal que por lo tanto soy / (Record no. 193173)
[ view plain ]
| 000 -LEADER | |
|---|---|
| campo de control de longitud fija | 01904nam a2200325 4500 |
| 001 - NÚMERO DE CONTROL | |
| campo de control | 193173 |
| 003 - IDENTIFICADOR DE NÚMERO DE CONTROL | |
| campo de control | ES-MaACL |
| 005 - FECHA Y HORA DE LA ÚLTIMA TRANSACCIÓN | |
| campo de control | 20240827063033.0 |
| 007 - CAMPO FIJO DE DESCRIPCIÓN FÍSICA--INFORMACIÓN GENERAL | |
| campo de control de longitud fija | ta |
| 008 - DATOS DE LONGITUD FIJA--INFORMACIÓN GENERAL | |
| campo de control de longitud fija | 230928b sp ||||| |||| 00| 0 spa d |
| 020 ## - NÚMERO INTERNACIONAL ESTÁNDAR DEL LIBRO | |
| Número Internacional Estándar del Libro | 9798378748273 |
| 040 ## - FUENTE DE CATALOGACIÓN | |
| Lengua de catalogación | spa |
| Centro/agencia transcriptor | ES-MaACL |
| 080 ## - NÚMERO DE LA CLASIFICACIÓN DECIMAL UNIVERSAL | |
| Identificador de la edición | 821.134.2-32"19" |
| 100 1# - ENTRADA PRINCIPAL--NOMBRE DE PERSONA | |
| Nombre de persona | Legaz, Francisco |
| Término indicativo de función/relación | Autor |
| 9 (RLIN) | 234225 |
| 245 13 - MENCIÓN DEL TÍTULO | |
| Título | El animal que por lo tanto soy / |
| Mención de responsabilidad, etc. | Francisco Legaz Nieto |
| 260 ## - PUBLICACIÓN, DISTRIBUCIÓN, ETC. | |
| Lugar de publicación, distribución, etc. | [Italia : |
| Nombre del editor, distribuidor, etc. | F. Legaz Nieto, |
| Fecha de publicación, distribución, etc. | 2012] |
| Lugar de fabricación/manufactura | (Torrazza Piemonte (Turín) : |
| Fabricante | Amazon Italia Logística) |
| 300 ## - DESCRIPCIÓN FÍSICA | |
| Extensión | 116 páginas ; |
| Dimensiones | 25 cm |
| 336 ## - TIPO DE CONTENIDO | |
| Fuente | rdacontent |
| Término de tipo de contenido | Texto |
| 337 ## - TIPO DE MEDIO | |
| Fuente | rdamedia |
| Nombre/término del tipo de medio | sin mediación |
| 338 ## - TIPO DE SOPORTE | |
| Fuente | rdacarrier |
| Nombre/término del tipo de soporte | volumen |
| 500 ## - NOTA GENERAL | |
| Nota general | Error de paginación en el índice |
| 520 ## - RESUMEN, ETC. | |
| Sumario, etc. | En este libro se trata nuestra relación con los animales, desde diferentes puntos de vista, fundamentalmente antropológicos. Se hace un repaso de algunas cuestiones claves, para comprender como nos hemos relacionado con los animales, desde aspectos legislativos, religiosos, sociales, educativos, históricos y otros muchos.<br/>La humanización de los animales y las consecuencias para ellos de esta cuestión, es central en toda la obra.<br/>Además se explora en el libro, como la evolución de la sociedad, la tecnología, la industrialización y otros muchos aspectos, han tenido una importancia capital para los animales y como los derechos de estos seres vecinos y compañeros nuestros de planeta, han tenido que ir evolucionando, a lo largo de la historia. |
| 852 ## - LOCALIZACIÓN | |
| Ubicación | ES-MaACL |
| itemnumber | 200543 |
| Número de control de estantería | N-9344 |
| Sublocalización o colección | R.154585 |
| Ubicación en estantería | Depósito J |
| Encuadernación | Encuadernación rústica |
| Donativo/Legado | Donación: Francisco Legaz |
| 903 ## - NOMBRE PERSONAL DE DONANTE | |
| a | Legaz, Francisco |
| e | Donante |
| 9 | 234225 |
| 942 ## - ELEMENTOS DE ENTRADA SECUNDARIOS (KOHA) | |
| Suprimir en OPAC | No |
| Tipo de ítem Koha | Libro impreso |
| Estatus retirado | Estado de pérdida | Fuente del sistema de clasificación o colocación | Estado de daño | No para préstamo | Biblioteca de origen | Biblioteca actual | Ubicación en estantería | Fecha de adquisición | Fuente de adquisición | Número de control de estantería | Total de préstamos | Signatura topográfica completa | Código de barras | Visto por última vez | Tipo de ítem Koha |
|---|---|---|---|---|---|---|---|---|---|---|---|---|---|---|---|
| Clasificación decimal universal | Biblioteca del Ateneo de Madrid | Biblioteca del Ateneo de Madrid | Depósito J | 28/09/2023 | Donación | Ateneísta | N-9344 | 101205838 | 28/09/2023 | Libro impreso |
